The decline of latin american student activism (Record no. 65569)
[ view plain ]
| 000 -CABECERA | |
|---|---|
| campo de control de longitud fija | 00632nam a2200241 a 4500 |
| 005 - FECHA Y HORA DE LA ÚLTIMA TRANSACCIÓN | |
| campo de control | 20210219153003.0 |
| 008 - ELEMENTOS DE LONGITUD FIJA--INFORMACIÓN GENERAL | |
| campo de control de longitud fija | 991125n 000 0 u |
| 035 ## - NÚMERO DE CONTROL DEL SISTEMA | |
| Número de control de sistema | UPN01000071119 |
| 100 1# - ASIENTO PRINCIPAL--NOMBRE PERSONAL | |
| Nombre de persona | Levy, Daniel C. |
| 222 ## - TÍTULO CLAVE | |
| Título clave | HIGHER EDUCATION |
| 245 ## - MENCIÓN DE TÍTULO | |
| Título | The decline of latin american student activism |
| 300 ## - DESCRIPCIÓN FÍSICA | |
| Extensión | 145-156 |
| 362 ## - FECHAS DE PUBLICACIÓN Y/O DESIGNACIÓN SECUENCIAL | |
| Fecha de publicación y/o designación secuencial | 22, No. 2, 1991 |
| 505 ## - NOTA DE CONTENIDO CON FORMATO PREESTABLECIDO | |
| Nota de contenido con formato | Abril 1992 |
| 653 0# - TERMINO DE INDIZACION - NO CONTROLADO | |
| Término no controlado | ACTIVISMO |
| 653 0# - TERMINO DE INDIZACION - NO CONTROLADO | |
| Término no controlado | CAMBIO EDUCATIVO |
| 653 0# - TERMINO DE INDIZACION - NO CONTROLADO | |
| Término no controlado | ESTUDIANTES EN EL COLEGIO |
| 653 0# - TERMINO DE INDIZACION - NO CONTROLADO | |
| Término no controlado | HISTORIA LATINOAMERICANA |
| 653 0# - TERMINO DE INDIZACION - NO CONTROLADO | |
| Término no controlado | LATINOAMERICANOS |
| 653 0# - TERMINO DE INDIZACION - NO CONTROLADO | |
| Término no controlado | POLITICOS |
| 904 ## - ELEMENTOS DE DATOS D LOCAL, LDD (RLIN) | |
| a | AC |
| b | 008930 |
| 905 ## - TIPO DE MATERIAL | |
| Tipo de material | Articulo |
No items available.
